Statistics for Highest Population of Neighbouring Countries

Click here to take the quiz!

General Stats

  • This quiz has been taken 49 times
  • The average score is 15 of 17

Answer Stats

Country% Correct
China
98%
Germany
98%
Indonesia
98%
United States
98%
Brazil
95%
Egypt
95%
Nigeria
93%
D.R. Congo
88%
Ethiopia
88%
South Africa
88%
South Korea
86%
United Kingdom
86%
Algeria
84%
Dominican Republic
81%
Sweden
79%
Thailand
74%
Ghana
40%

Score Distribution

Percentile by Number Answered

Percent of People with Each Score

Your Score History

You have not taken this quiz